000
00319 a2200109 4500
001
ART_11379
005
20260410161856.0
008
260409a
245
1
0
_a
Reestructuración de Empresas
100
1
_a
Alvarez, Héctor Felipe
773
0
_t
Revista de Economía
_g
- Nº 78 (jul./sep. 1995)
_w
REV11077
999
_c
25516
_d
25516